Erectile dysfunction / (Record no. 140624)

MARC details
000 -LEADER
fixed length control field 00532nam a22001817a 4500
005 - DATE AND TIME OF LATEST TRANSACTION
control field 20170531145930.0
010 ## - LCCN (DPL NO)
LC control number ENG-118481
020 ## - INTERNATIONAL STANDARD BOOK NUMBER
International Standard Book Number 9788193223291
Terms of availability 205.00
035 ## - SYSTEM CONTROL NUMBER
System control number EN-102013
037 ## - SOURCE OF ACQUISITION
Source of stock number/acquisition DBAD/PUB
082 ## - DEWEY DECIMAL CLASSIFICATION NUMBER
Classification number 152.9042
100 ## - MAIN ENTRY--PERSONAL NAME
Personal name Krishna Kumar Singh
245 ## - TITLE STATEMENT
Title Erectile dysfunction /
Statement of responsibility, etc by Krishna Kumar Singh
260 ## - PUBLICATION, DISTRIBUTION, ETC. (IMPRINT)
Place of publication, distribution, etc Delhi/NCR
Name of publisher, distributor, etc Maheshwari Prakashan
Date of publication, distribution, etc 2016
270 ## - ADDRESS
Address 911/7C,Faridabad
City Delhi/NCR
Postal code 121006
300 ## - PHYSICAL DESCRIPTION
Extent 125p.:
Dimensions 25cm(pbk)
Other physical details ill.
942 ## - ADDED ENTRY ELEMENTS (KOHA)
Source of classification or shelving scheme Dewey Decimal Classification
Item type English Books
Call number suffix KRI
Classification part 155.9042
Holdings
Withdrawn status Lost status Not for loan Collection code Home library Current library Date acquired Source of acquisition Cost, normal purchase price Full call number Barcode Copy number Cost, replacement price Koha item type
    Not For Loan Non-fiction D.B.Act.Division Bawana 31/05/2017 DBAD/PUB 205.00 155.9042 KRI EN-102013 1 205.00 English Books

© Delhi Public Library
Hit Counter
free hit counter